000 00558nam a2200205Ia 4500
005 20260429112047.0
008 260429s9999||||xx |||||||||||||| ||und||
020 _a9781836592433
041 _aEnglish
082 _a621.381
_bPHI
100 _aPhillips, Roger
245 0 _aAnalog and digital electronic circuit /
_cRoger Phillips
250 _a1st ed.
260 _aWaltham Abbey Essesx :
_bChapman Press,
_c2026.
300 _ax, 260 p.; hb
650 _a Digital circuits
650 _a Electronics
650 _aAnalog circuits
942 _cTB
999 _c52139
_d52139